=LDR 00000nam 2200000 4500 =001 NUTBA000000000002583 =005 20200522092906 =035 ##$$a 0010-061400000000526 =008 200522################g##########0#ind## =020 ##$$a 978-979-1643-86-3 =082 ##$$a 2X4.13 =100 1#$$a Ali, Mahrus H =245 1#$$a Amaliyah sesat di bulan ramadhan (kesyirikan ngalap berkah kubur, ruwahan, megengan dan kesesatan djikir berjamaah di sela-sela shalat tarawih) /$c H. Mahrus Ali =260 ##$$a Surabaya :$b Laa Tasyuk Press,$c 2009 =300 ##$$a xxxi, 549 hlm., : $b Ilus. ; $c 15x23 cm =700 #$$a NBPNMAT =084 ##$$a 2X4.13 ALI a =250 ##$$a cet.1 =650 #4$$a Hukum Islam =990 ##$$a 21001421 =990 ##$$a 21001424